Možnosti hodnotenia výsledku hospodárskej činnosti u vybraných typov hospodárskych stredísk záverečná práca postgraduálneho štúdia

Guardado en:
Detalles Bibliográficos
Autor principal: Jaššová, Gabriela
Autor Corporativo: Vysoká škola ekonomická v Bratislave
Otros Autores: Satková, Blanka
Formato: Libro
Lenguaje:eslovaco
Publicado: Bratislava 1988
Etiquetas: Agregar Etiqueta
Sin Etiquetas, Sea el primero en etiquetar este registro!

MARC

LEADER 00000nam a2200000 4500
001 c029133
005 20230116095147.7
041 0 |a slo 
044 |a SK 
245 1 0 |a Možnosti hodnotenia výsledku hospodárskej činnosti u vybraných typov hospodárskych stredísk  |b záverečná práca postgraduálneho štúdia  |c Gabriela Jaššová ; ved. práce Blanka Satková 
264 1 |a Bratislava  |c 1988 
300 |a 35 s. 
100 1 |a Jaššová, Gabriela 
700 1 |a Satková, Blanka 
710 2 |a Vysoká škola ekonomická v Bratislave